000 00635nam a2200277Ia 4500
005 20260324151006.0
008 008 260324s9999 xx 000 0 eng d
020 _a9780429054334
037 _aEBOOK
040 _aCRL
040 _beng
040 _cCRL
041 _2eng
041 _aeng
084 _qCRL
100 _aSusan S. Brierley
_91228347
245 3 _aAn Introduction to Psychology
260 _bTaylor and Francis
260 _c1921
365 _a
365 _b150
856 _uhttp://www.taylorfrancis.com/books/9780429054334
942 _cEBOOK
999 _c1838718
_d1838718